Las diez de la noche (Record no. 153496)

MARC details
000 -LEADER
campo de control de longitud fija 01057nam a22002175i 4500
001 - NÚMERO DE CONTROL
campo de control 153496
003 - IDENTIFICADOR DE NÚMERO DE CONTROL
campo de control ES-MaACL
005 - FECHA Y HORA DE LA ÚLTIMA TRANSACCIÓN
campo de control 20250824063235.0
008 - DATOS DE LONGITUD FIJA--INFORMACIÓN GENERAL
campo de control de longitud fija 010517s1850 sp |||| | spa d
040 ## - FUENTE DE CATALOGACIÓN
Centro catalogador/agencia de origen CAM
Lengua de catalogación spa
Centro/agencia transcriptor CAM
245 04 - MENCIÓN DEL TÍTULO
Título Las diez de la noche
Resto del título : comedia en dos actos /
Mención de responsabilidad, etc. traducida del francés por Luis Olona.
260 ## - PUBLICACIÓN, DISTRIBUCIÓN, ETC.
Lugar de publicación, distribución, etc. Madrid :
Nombre del editor, distribuidor, etc. [Círculo Literario Comercial],
Fecha de publicación, distribución, etc. 1850 (
Fabricante Imprenta de S. Omaña)
300 ## - DESCRIPCIÓN FÍSICA
Extensión 60 p. ;
Dimensiones 21 cm.
490 1# - MENCIÓN DE SERIE
Mención de serie La España dramática : colección de obras representadas con aplauso en los teatros de la corte ;
Designación de volumen o secuencia 123
596 ## - NOTA AL PIE DE IMPRENTA
NOTA AL PIE DE IMPRENTA Mención de editor y serie constan en la cub.
700 1# - ENTRADA AGREGADA--NOMBRE PERSONAL
Nombre de persona Olona, Luis,
Fechas asociadas al nombre 1823-1863
9 (RLIN) 130645
830 03 - PUNTO DE ACCESO ADICIONAL DE SERIE-TÍTULO UNIFORME
Título uniforme La España dramática: colección de obras representadas con aplauso en los teatros de la corte
Designación de volumen o secuencia 123
9 (RLIN) 187776
852 ## - LOCALIZACIÓN
Ubicación ES-MaACL
Número de control de estantería F-8615(1)
Nota libre -- Enc. pasta española
condición física -- Falto de la cub. original
Nota libre -- Enc. en un vol. facticio formando parte de la col. facticia "Teatro español moderno", vol. 70
Holdings
Estatus retirado Estado de pérdida Estado de daño No para préstamo Colección Biblioteca de origen Biblioteca actual Ubicación en estantería Fecha de adquisición Total de préstamos Signatura topográfica completa Código de barras Visto por última vez Precio de reemplazo Tipo de ítem Koha
        Libros del s. XIX Biblioteca del Ateneo de Madrid Biblioteca del Ateneo de Madrid Sala Pecera Planta 2 17/01/2008   F-8615(1) 1160425 23/02/2023 23/02/2023 Libro impreso antiguo